The Semi-Impossible Game Quiz Stats

 Plays Quiz not verified by Sporcle

Challenge
Share
Tweet
Score 0/21 Timer 07:00
0 Plays Today
Question? Answer! % Correct
What's 10+11?21
98.5%
Does Scotty know?No
72.2%
ABCDEFGHIJKLMNOQRSTUVWXYZP
66.5%
Who lives in a pineapple under the sea?Spongebob Squarepants
55.7%
Do cool guys look at explosions?No
54.6%
How old are you?1
54.1%
Can this question drink legally?Yes
52.6%
You're dating a screwdriver...so you're....Screwed
46.4%
Past tense of eat teenate teen
42.3%
M&M's love the way you...Lie
38.7%
Five.....Five Dollar.....Five Dollar Footlong
37.6%
Question? Answer! % Correct
Stomp French fries to create...Mashed Potatoes
36.1%
THIS. IS.Sparta
33%
What insect has the best grammar?Spelling Bee
20.6%
A Leverage - LeAverage
20.1%
Who experienced WW2, Vietnam, and Buzz Lightyear?Tom Hanks
19.1%
IDK...my BFF Jill?
17.5%
Kanye West is...A gay fish
9.3%
Dude, where's my car?Where's your car dude?
3.6%
What drugs does Spiderman do?Mary Jane
3.1%
Buddy the Elf's Step Brother has 2 first names.Will Farrell
2.6%

You're not logged in!

Compare scores with friends on all Sporcle quizzes.
Join for Free
OR
Log In

You Might Also Like...

Show Comments

Extras

Created Nov 29, 2010ReportNominate
Tags:Board Games Quiz

Top Quizzes Today


Score Distribution

Your Account Isn't Verified!

In order to create a playlist on Sporcle, you need to verify the email address you used during registration. Go to your Sporcle Settings to finish the process.

Report this User

Report this user for behavior that violates our Community Guidelines.

Details: